000
00201 a2200097 4500
020
_a
9789501181241
041
_a
spa
100
_a
Tolstoi Hesse
245
_a
Clasicos de Animales juveniles
942
_c
BK
999
_c
27936
_d
27936